Państwa Związku Radzieckiego (ZSRR) - Statystyki

Ogólne statystyki
  • Ten quiz został rozwiązany 936 razy
  • Średni wynik to 13 z 15
Statystyki odpowiedzi
Państwo % Poprawnych
Ukraina
97%
Litwa
95%
Łotwa
95%
Białoruś
94%
Estonia
94%
Kazachstan
92%
Rosja
88%
Gruzja
86%
Uzbekistan
84%
Armenia
83%
Kirgistan
83%
Azerbejdżan
82%
Tadżykistan
82%
Turkmenistan
82%
Mołdawia
76%
Nie znaleziono quizów pasujących do podanych kryteriów
Rozkład punktacji
Procent ludzi z każdym wynikiem
Percentyl według liczby udzielonych odpowiedzi
Twoja historia wyników
Nie rozwiązałeś tego quizu